[Event "EU-chT U18 Girls 9th"]
[Site "Pardubice"]
[Date "2009.07.17"]
[Round "2"]
[White "Dudas, Eszter"]
[Black "Rihova, Kamila"]
[Result "1-0"]
[WhiteElo "2141"]
[BlackElo "1623"]
[PlyCount "71"]
[EventDate "2009.07.16"]
[EventType "team-swiss"]
[EventRounds "7"]
[EventCountry "CZE"]
[SourceTitle "EXT 2020"]
[Source "ChessBase"]
[SourceDate "2019.10.17"]
[SourceVersion "1"]
[SourceVersionDate "2019.10.17"]
[SourceQuality "1"]
[WhiteTeam "Hungary U18 (W)"]
[BlackTeam "Ricany Biomedica U18 (W)"]
[WhiteTeamCountry "HUN"]
[BlackTeamCountry "CZE"]

1. e4 c5 2. Nf3 Nc6 3. Nc3 e6 4. g3 d5 5. d3 d4 6. Nb1 Bd6 7. Bg2 Nge7 8. 0-0 Ng6 9. Nbd2 0-0 10. Nc4 e5 11. a4 a6 12. Ne1 f5 13. exf5 Bxf5 14. Nf3 Bc7 15. Ng5 h6 16. Ne4 Qe7 17. a5 Be6 18. Bd2 Nd8 19. h4 Rb8 20. Qe2 Nf7 21. b4 cxb4 22. Rfb1 Qd7 23. Bxb4 Rfc8 24. Nc5 Qe8 25. Bxb7 Rxb7 26. Nxb7 Qc6 27. Nc5 Bh3 28. Ne4 Bd8 29. Kh2 Be6 30. Bc5 Bd5 31. Ncd2 Qe6 32. Rb2 Bxh4 33. gxh4 Nxh4 34. Rg1 Qf5 35. Qg4 Bxe4 36. Qxg7# 1-0

[Event "Ricany op-B"]
[Site "Ricany"]
[Date "2008.08.29"]
[Round "8"]
[White "Rubes, Zdenek"]
[Black "Rihova, Kamila"]
[Result "1/2-1/2"]
[WhiteElo "1757"]
[BlackElo "1649"]
[PlyCount "71"]
[EventDate "2008.08.23"]
[EventType "swiss"]
[EventRounds "9"]
[EventCountry "CZE"]
[SourceTitle "CBM 126 Extra"]
[Source "ChessBase"]
[SourceDate "2008.11.05"]
[SourceVersion "1"]
[SourceVersionDate "2008.11.05"]
[SourceQuality "1"]

1. d4 d5 2. Nf3 Bf5 3. c4 c6 4. Nc3 e6 5. e3 Nd7 6. Bd3 Bxd3 7. Qxd3 Ngf6 8. 0-0 Be7 9. Re1 0-0 10. e4 Bb4 11. e5 Ne4 12. Nxe4 dxe4 13. Rxe4 Nc5 14. Qe2 Nxe4 15. Qxe4 f6 16. a3 Ba5 17. b4 Bc7 18. Bb2 Qe7 19. exf6 Qxf6 20. Re1 Rae8 21. Qc2 Qf5 22. Qc3 Qg6 23. a4 a6 24. b5 axb5 25. cxb5 cxb5 26. Qxc7 Rxf3 27. Qxb7 Rb3 28. Bc1 bxa4 29. Qa6 Rb4 30. Be3 Reb8 31. h3 Qe4 32. Kh2 h6 33. Bd2 Qxd4 34. Qxe6+ Kh7 35. Bxb4 Qxb4 36. Qe3 1/2-1/2

[Event "Ricany op-B"]
[Site "Ricany"]
[Date "2008.08.28"]
[Round "7"]
[White "Rihova, Kamila"]
[Black "Skalicky, Tomas"]
[Result "1-0"]
[WhiteElo "1649"]
[BlackElo "1493"]
[PlyCount "89"]
[EventDate "2008.08.23"]
[EventType "swiss"]
[EventRounds "9"]
[EventCountry "CZE"]
[SourceTitle "CBM 126 Extra"]
[Source "ChessBase"]
[SourceDate "2008.11.05"]
[SourceVersion "1"]
[SourceVersionDate "2008.11.05"]
[SourceQuality "1"]

1. e4 c6 2. d4 d5 3. exd5 cxd5 4. Bd3 Nc6 5. c3 Nf6 6. Bf4 Bg4 7. Qb3 Na5 8. Qa4+ Bd7 9. Qc2 e6 10. Nd2 Rc8 11. a3 Be7 12. Ngf3 Nc4 13. Ne5 b5 14. Ndf3 a5 15. Qe2 h6 16. 0-0 0-0 17. Rfe1 Qb6 18. Nxd7 Nxd7 19. Rab1 Bd6 20. Bxd6 Qxd6 21. Bc2 Nf6 22. Ne5 Nd7 23. Qd3 f5 24. Nxd7 Qxd7 25. Qg3 Rf6 26. Re2 Re8 27. Bd3 Nd6 28. Rbe1 Ne4 29. Qe5 Ng5 30. h4 Nf7 31. Qf4 Nd6 32. Re3 Ne4 33. Qf3 Rb8 34. Qe2 Kf7 35. Qh5+ Kg8 36. Qe2 Kf7 37. Rf3 Rb6 38. Bxe4 fxe4 39. Rxf6+ Kxf6 40. Qg4 Kf7 41. h5 Kg8 42. Re3 Rb8 43. Rg3 Rf8 44. Qg6 Rf6 45. Qxf6 1-0

[Event "Ricany op-B"]
[Site "Ricany"]
[Date "2008.08.26"]
[Round "5"]
[White "Hatas, Radim"]
[Black "Rihova, Kamila"]
[Result "0-1"]
[WhiteElo "1564"]
[BlackElo "1649"]
[PlyCount "112"]
[EventDate "2008.08.23"]
[EventType "swiss"]
[EventRounds "9"]
[EventCountry "CZE"]
[SourceTitle "CBM 126 Extra"]
[Source "ChessBase"]
[SourceDate "2008.11.05"]
[SourceVersion "1"]
[SourceVersionDate "2008.11.05"]
[SourceQuality "1"]

1. e4 c5 2. Nc3 Nc6 3. g3 g6 4. Bg2 Bg7 5. d3 d6 6. f4 Rb8 7. Nf3 e6 8. 0-0 Nge7 9. Be3 0-0 10. Rb1 b5 11. e5 dxe5 12. fxe5 Nd4 13. Ne4 Nxf3+ 14. Bxf3 Bxe5 15. Bxc5 Bd4+ 16. Bxd4 Qxd4+ 17. Kh1 Bb7 18. c3 Qd8 19. Nf6+ Kg7 20. Bxb7 Rxb7 21. Qf3 Rb6 22. d4 Nf5 23. Ne4 Qd5 24. h4 b4 25. Rbe1 bxc3 26. bxc3 Ra6 27. g4 Nd6 28. Qf6+ Kg8 29. Rf4 Rxa2 30. Qe7 Nxe4 31. Rfxe4 Qd8 32. Qxd8 Rxd8 33. Rc1 a5 34. h5 a4 35. Kg1 a3 36. Kf1 Rb2 37. Re2 Rc8 38. Rxb2 axb2 39. Rb1 Rxc3 40. Rxb2 Kg7 41. Rd2 Rg3 42. d5 exd5 43. Kf2 Rxg4 44. Rxd5 Kh6 45. hxg6 hxg6 46. Rd8 f5 47. Kf3 Kg5 48. Re8 Re4 49. Rg8 Rc4 50. Kg3 Rc3+ 51. Kg2 f4 52. Kf2 Kf5 53. Kg2 g5 54. Kf2 Kg4 55. Ke2 f3+ 56. Kf2 Rc2+ 0-1

[Event "CZE-ch U18 Girls/sf U18"]
[Site "Czech Republic"]
[Date "2008.??.??"]
[Round "3"]
[White "Kolasin, Jan"]
[Black "Rihova, Kamila"]
[Result "1-0"]
[WhiteElo "1954"]
[BlackElo "1652"]
[PlyCount "43"]
[EventDate "2008.??.??"]
[EventType "swiss"]
[EventRounds "9"]
[EventCountry "CZE"]
[SourceTitle "EXT 2011"]
[Source "ChessBase"]
[SourceDate "2010.11.26"]
[SourceVersion "1"]
[SourceVersionDate "2010.11.26"]
[SourceQuality "1"]

1. Nf3 d5 2. g3 Nf6 3. Bg2 c5 4. 0-0 Nc6 5. d3 e5 6. e4 d4 7. Nbd2 Bd6 8. a4 0-0 9. Nc4 h6 10. Ne1 Bc7 11. f4 Bg4 12. Nf3 exf4 13. gxf4 Qb8 14. e5 Nh7 15. Qe1 Re8 16. Qg3 Be6 17. Ncd2 f6 18. Ne4 fxe5 19. f5 Bxf5 20. Nh4 Bxe4 21. Bxe4 Rf8 22. Bd5+ 1-0

[Event "Sec op-B"]
[Site "Sec u Chrudimi"]
[Date "2007.10.27"]
[Round "9"]
[White "Rihova, Kamila"]
[Black "Krasny, Drahomir1"]
[Result "1-0"]
[WhiteElo "1575"]
[BlackElo "1371"]
[PlyCount "27"]
[EventDate "2007.10.20"]
[EventType "swiss"]
[EventRounds "9"]
[EventCountry "CZE"]
[SourceTitle "EXT 2022"]
[Source "ChessBase"]
[SourceDate "2021.10.06"]
[SourceVersion "1"]
[SourceVersionDate "2021.10.06"]
[SourceQuality "1"]

1. e4 e5 2. Nc3 Nf6 3. Bc4 Nc6 4. d3 Bb4 5. Nge2 0-0 6. 0-0 Bxc3 7. Nxc3 a6 8. Bg5 Nd4 9. Nd5 d6 10. Nxf6+ gxf6 11. Bh6 Re8 12. c3 Nc6 13. Qf3 f5 14. Qg3+ 1-0